| 000 | 00000nam##2200000za#4500 |
| 001 | 9.567639 |
| 003 | CaOODSP |
| 005 | 20210624180855 |
| 007 | cr ||||||||||| |
| 008 | 150406|1998||||xxc|||||o f|0| 0 eng|d |
| 040 | |aCaOODSP|beng |
| 043 | |an-cn--- |
| 086 | 1 |aBT31-2/1999-III-30E-PDF |
| 110 | 1 |aCanada. |bTreasury Board. |
| 245 | 10|aMedical Research Council of Canada, report on plans and priorities for fiscal year 1998-99 |h[electronic resource] |
| 260 | |bTreasury Board of Canada Secretariat |c[1998]. |
| 300 | |a39p.|bgraphs, organization charts, tables |
| 490 | 1 |a1998-99 estimates. Part III, Report on plans and priorities |v1998-99 |
| 590 | |a10-09-Supp|b2010-11-02 |
| 775 | 08|tConseil de recherches médicales du Canada, rapport sur les plans et les priorités pour l'exercice financier 1998-1999 |w(CaOODSP)9.598969 |
| 776 | 0#|tMedical Research Council of Canada |w(CaOODSP)9.530316 |
| 776 | 0#|tConseil de recherches médicales du Canada |w(CaOODSP)9.530317 |
| 830 | #0|a1998-99 estimates. Part III, Report on plans and priorities ;|v1998-99|w(CaOODSP)9.505714 |
| 856 | 40|ahttp://publications.gc.ca|qPDF|s128 KB|uhttps://publications.gc.ca/collections/Collection/BT31-2-1999-III-30E.pdf|y1998-99 |